Statistiques concernant 15 principaux pays touchés par Covid-19 - 8 septembre 2021

Cliquez ici pour prendre le quiz!

Statistiques générales

  • Ce quiz a été pris 21 fois
  • Le résultat moyen est 12 sur 26

Statistiques - réponses

pays% Correct
France
100%
Allemagne
95%
Espagne
95%
Etats-Unis
95%
Italie
86%
Brésil
81%
Inde
81%
Royaume-Uni
81%
Russie
76%
Mexique
71%
Argentine
52%
Iran
43%
Suède
38%
Colombie
29%
Indonésie
29%
Pays-Bas
24%
Israël
19%
Bahreïn
14%
Turquie
14%
Uruguay
14%
Slovénie
10%
Tchèquie
10%
Géorgie
5%
Panama
5%
Estonie
0%
Lituanie
0%

Distribution des résultats

Percentile par nombre de réponses

% des personnes avec chaque résultat

Votre développement - résultats

Vous n’avez pas pris ce quiz